上蒼選了妳 : 全民女孩Selina的地獄90天 = To Selina
| 資料類型: | 圖書 | 書目號: | 53959 |
Leader xxxxxxxxxx 001 __ PCLIS00053959 005 __ 20201023151906.06 010 0_ |a9789866217166|b平裝|dNT$300 020 __ |acw|b82005151 100 __ |a20201023d2020 0chib0109 e 101 0_ |achi 102 __ |acw 105 __ |aa z 000yy 200 1_ |a上蒼選了妳|e全民女孩Selina的地獄90天 = To Selina|f張承中著|g 205 __ |a初版 210 __ |a新北市|c時周文化出版|d2011.06 215 0_ |a237面|c|d23公分 225 1_ |a|v 300 __ |a 681 __ |a855|b 700 __ |a張|b承中|4著 702 _1 |a|b|4 801 __ |acw|b本館|c20201023 |